| 000 | 00509nam a2200169Ia 4500 | ||
|---|---|---|---|
| 003 | SISC | ||
| 005 | 20181010155018.0 | ||
| 008 | 180901s9999 xx 000 0 und d | ||
| 020 | _a9789719924821 | ||
| 050 |
_aLB 1025.3 _b.P33 2011 |
||
| 100 | _aPaunlagui-Gacelo,Ester. | ||
| 245 |
_cEster Paunlagui-Gacelo.-- _aPrinciples of teaching 1 / |
||
| 260 |
_aQuezon City : _bC & E Publishing _c2012 |
||
| 300 |
_aix, 126 pages : _billustrations ; _c22 cm. |
||
| 650 | _aTeaching -- Philippines. | ||
| 942 |
_2lcc _cBK |
||
| 999 |
_c358456 _d358456 |
||